[Event "Superettan(Orgryte-Upsala)"]
[Site "?"]
[Date "2016.10.14"]
[Round "1"]
[White "Johansson, Carl Fredrik"]
[Black "Fransson, Patrick"]
[Result "1-0"]
[WhiteElo "2184"]
[BlackElo "2117"]
[PlyCount "89"]
1. d4 d5 2. c4 c6 3. Nf3 Nf6 4. Qc2 e6 5. g3 Bd6 6. Bg2 Nbd7 7. O-O O-O 8. b3
Re8 9. Bb2 Nf8 10. Nc3 a6 11. e4 Nxe4 12. Nxe4 dxe4 13. Qxe4 Qc7 14. Rad1 Bd7
15. Ne5 Rad8 16. Rfe1 Bc8 17. h4 f6 18. c5 Bxe5 19. dxe5 f5 20. Qe3 Ng6 21. h5
Ne7 22. Rd6 h6 23. Qd4 Nd5 24. b4 Qf7 25. Bf3 Bd7 26. a4 Re7 27. b5 axb5 28.
axb5 Rf8 29. Ra1 g5 30. Ra7 Be8 31. Ra8 Nc7 32. Rxe8 Nxe8 33. bxc6 bxc6 34.
Bxc6 Nc7 35. Rd7 Rxd7 36. Bxd7 Rd8 37. c6 Nd5 38. Qa7 Qxh5 39. Bxe6+ Kh8 40.
Bxd5 Qd1+ 41. Kh2 Qe2 42. Ba1 Rxd5 43. e6+ Re5 44. Qe3 Qh5+ 45. Kg2 1-0

[Event "Superettan(Rockaden,Sthlm II-Sthlms SS)"]
[Site "?"]
[Date "2016.10.14"]
[Round "1"]
[White "Lissang, Christopher"]
[Black "Sandbom, Jonas"]
[Result "1-0"]
[WhiteElo "2313"]
[BlackElo "2108"]
[PlyCount "43"]
1. e4 e5 2. Nf3 Nc6 3. Nc3 Nf6 4. Be2 Bc5 5. Nxe5 Nxe5 6. d4 Bd6 7. dxe5 Bxe5
8. Nb5 a6 9. f4 axb5 10. fxe5 Nxe4 11. Qd5 Ng5 12. O-O O-O 13. Be3 c6 14. Qd4
Ne6 15. Qe4 d5 16. exd6 Qxd6 17. Bd3 g6 18. Rf6 Ra4 19. Qf3 Qe5 20. Qf2 Ng5 21.
Rf1 Be6 22. Bxg5 1-0

[Event "Superettan(Schack 08-Burgsvik)"]
[Site "?"]
[Date "2016.10.14"]
[Round "1"]
[White "Nygren, Kim"]
[Black "Nyander, Joakim"]
[Result "0-1"]
[WhiteElo "2216"]
[BlackElo "2211"]
[PlyCount "50"]
1. e4 c5 2. Nf3 e6 3. b4 b6 4. Bb2 Bb7 5. bxc5 bxc5 6. Nc3 a6 7. Bc4 Ne7 8. O-O
Ng6 9. d4 cxd4 10. Qxd4 Nc6 11. Qe3 Na5 12. Be2 Rc8 13. Rad1 Bc5 14. Qd2 Be7
15. Qd4 Bf6 16. e5 Nc6 17. Qa4 Ncxe5 18. Nxe5 Bxe5 19. Ne4 Bxe4 20. Bxe5 Bxc2
21. Qg4 Bxd1 22. Rxd1 Nxe5 23. Qxg7 Ng6 24. Bxa6 Rc5 25. a4 Qc7 0-1

[Event "Superettan(Orgryte-Upsala)"]
[Site "?"]
[Date "2016.10.14"]
[Round "1"]
[White "Subramanian, Aditya"]
[Black "Cederberg, Karl Olof"]
[Result "0-1"]
[WhiteElo "2041"]
[BlackElo "2204"]
[PlyCount "48"]
1. Nf3 d6 2. d4 Nf6 3. c4 Nc6 4. Nc3 Bg4 5. d5 Ne5 6. Nxe5 dxe5 7. Qa4+ Bd7 8.
Qb3 e6 9. Bg5 exd5 10. Nxd5 c6 11. Nxf6+ gxf6 12. Bd2 Qc7 13. Qg3 Be7 14. Qc3
O-O-O 15. Be3 Kb8 16. g3 h5 17. Bg2 h4 18. Rd1 Be6 19. Rxd8+ Qxd8 20. b4 hxg3
21. hxg3 Rxh1+ 22. Bxh1 Qh8 23. Bg2 Qh7 24. Qb3 Qh2 0-1

[Event "Superettan(Rockaden,Sthlm II-Sthlms SS)"]
[Site "?"]
[Date "2016.10.14"]
[Round "1"]
[White "Crevatin, Leo"]
[Black "Bergstrom, Rolf"]
[Result "1/2-1/2"]
[WhiteElo "2026"]
[BlackElo "2290"]
[PlyCount "110"]
1. d4 Nf6 2. Bf4 e6 3. e3 b6 4. Nf3 Be7 5. h3 O-O 6. c3 Bb7 7. Nbd2 c5 8. Bd3
cxd4 9. exd4 Ba6 10. Qe2 Bxd3 11. Qxd3 d6 12. O-O Nbd7 13. Rfe1 Qc7 14. Rac1
Rfe8 15. Ne4 h6 16. Bh2 a6 17. c4 Nxe4 18. Qxe4 Nf6 19. Qd3 Qb7 20. b4 a5 21.
b5 Rac8 22. a4 d5 23. Ne5 Bb4 24. Red1 dxc4 25. Rxc4 Rxc4 26. Qxc4 Rc8 27. Nc6
Nd5 28. Rc1 Ba3 29. Ra1 Bf8 30. Rc1 Qd7 31. Qb3 g6 32. Be5 f6 33. Bg3 h5 34.
Qd3 Kg7 35. Qc4 Bb4 36. Rc2 Bd6 37. Bxd6 Qxd6 38. Qd3 Rc7 39. Qe4 Rd7 40. Rc4
Kf7 41. Qf3 Kg7 42. Qe4 Nf4 43. Rc3 h4 44. Rf3 g5 45. Re3 Nd5 46. Re1 Nc7 47.
Re3 Nd5 48. Re1 Nf4 49. Re3 Qd5 50. Qxd5 Rxd5 51. g3 hxg3 52. fxg3 Nxh3+ 53.
Kg2 g4 54. Rxe6 Rf5 55. Re2 Rd5 1/2-1/2

[Event "Superettan(Schack 08-Burgsvik)"]
[Site "?"]
[Date "2016.10.14"]
[Round "1"]
[White "Schutz, Ingemar"]
[Black "Akerman, Axel"]
[Result "1/2-1/2"]
[WhiteElo "2216"]
[BlackElo "2082"]
[PlyCount "138"]
1. e4 c5 2. Nf3 d6 3. d4 cxd4 4. Nxd4 Nf6 5. Nc3 g6 6. f4 Bg7 7. e5 Bg4 8. exf6
Bxd1 9. fxg7 Rg8 10. Nxd1 e5 11. Nf3 e4 12. Nd4 a6 13. Be2 Nc6 14. Be3 Qf6 15.
c3 Qxg7 16. O-O d5 17. Nf2 f5 18. Rad1 Qf7 19. b3 Ke7 20. c4 Rgd8 21. cxd5 Qxd5
22. Nb5 Qxd1 23. Rxd1 Rxd1+ 24. Nxd1 axb5 25. Bc5+ Kf6 26. a3 b6 27. Bd6 Ke6
28. Bb4 Nxb4 29. axb4 Ra1 30. Kf2 Rb1 31. Ne3 Rxb3 32. Nc2 Rb2 33. Bd1 Kd5 34.
Ke3 Kc4 35. Kd2 e3+ 36. Kc1 Rb3 37. Be2+ Kc3 38. Bxb5 e2 39. Bxe2 Rb2 40. Bd1
Ra2 41. h3 h6 42. Kb1 Rb2+ 43. Kc1 Ra2 44. Kb1 Rb2+ 45. Kc1 b5 46. Ne3 Rf2 47.
g4 Kd4 48. Nc2+ Kc3 49. gxf5 gxf5 50. Ne3 Kxb4 51. Nxf5 Rxf4 52. Nxh6 Rh4 53.
Nf5 Rxh3 54. Kb2 Kc5 55. Bc2 b4 56. Bb3 Rf3 57. Be6 Rf2+ 58. Kb3 Rf3+ 59. Kb2
Rf2+ 60. Kb3 Re2 61. Bd7 Rd2 62. Be6 Re2 63. Bd7 Rd2 64. Be6 Rf2 65. Bd7 Rf3+
66. Kb2 Rf2+ 67. Kb3 Re2 68. Bc8 Rf2 69. Be6 Re2 1/2-1/2

[Event "Superettan(Orgryte-Upsala)"]
[Site "?"]
[Date "2016.10.14"]
[Round "1"]
[White "Cardenas, William"]
[Black "Troberg Eskola, Love"]
[Result "1-0"]
[WhiteElo "2000"]
[BlackElo "1886"]
[PlyCount "57"]
1. e4 e6 2. Nf3 d5 3. Nc3 dxe4 4. Nxe4 Bd7 5. d4 Bc6 6. Bd3 Nd7 7. O-O Ngf6 8.
Ng3 Bd6 9. Re1 O-O 10. Ne5 Bxe5 11. dxe5 Nd5 12. Qg4 Ne7 13. Bg5 Nc5 14. Bxh7+
Kxh7 15. Qh4+ Kg8 16. Bxe7 Qd5 17. f3 Rfe8 18. Rad1 Qxa2 19. Bxc5 Qxb2 20. c4
a5 21. Nh5 Qc2 22. Rd4 b6 23. Nf6+ gxf6 24. Rg4+ Qg6 25. Rxg6+ fxg6 26. exf6 e5
27. Qh6 Kf7 28. Qg7+ Ke6 29. f7 1-0

[Event "Superettan(Rockaden,Sthlm II-Sthlms SS)"]
[Site "?"]
[Date "2016.10.14"]
[Round "1"]
[White "Couso, Luis"]
[Black "Alarik, Martin"]
[Result "1/2-1/2"]
[WhiteElo "2290"]
[BlackElo "2021"]
[PlyCount "48"]
1. c4 Nf6 2. g3 e6 3. Bg2 d5 4. Nf3 Be7 5. O-O O-O 6. b3 Nbd7 7. Bb2 b6 8. Nc3
Bb7 9. d3 c5 10. e3 a6 11. Qe2 Qc7 12. Rac1 Rac8 13. cxd5 Nxd5 14. Nxd5 Bxd5
15. e4 Bc6 16. Rfd1 Qb7 17. Ne1 Rfd8 18. Bh3 Bf6 19. Ng2 Bxb2 20. Qxb2 Nf8 21.
Nf4 Rd4 22. Ne2 Rdd8 23. Nf4 Rd4 24. Ne2 Rdd8 1/2-1/2

[Event "Superettan(Schack 08-Burgsvik)"]
[Site "?"]
[Date "2016.10.14"]
[Round "1"]
[White "Andersson, Bjorn"]
[Black "Wikstrom, Per"]
[Result "0-1"]
[WhiteElo "2202"]
[BlackElo "2211"]
[PlyCount "68"]
1. e4 e6 2. d4 d5 3. e5 c5 4. c3 Bd7 5. Nf3 Qa5 6. a3 cxd4 7. b4 Qb6 8. cxd4
Nc6 9. Nc3 f6 10. Na4 Qd8 11. exf6 Nxf6 12. Bg5 Be7 13. Nc5 O-O 14. Nxb7 Qc7
15. Nc5 Bxc5 16. dxc5 Ne4 17. Be3 Be8 18. Nd4 Qe5 19. Be2 Nxf2 20. Bxf2 Rxf2
21. Kxf2 Nxd4 22. Bf3 Nxf3 23. gxf3 Bh5 24. Qe2 Qd4+ 25. Qe3 Qh4+ 26. Kg2 e5
27. Rhf1 e4 28. fxe4 dxe4 29. Qg3 Bf3+ 30. Kg1 Qh6 31. h4 Rf8 32. Kh2 Rf4 33.
Rad1 Rxh4+ 34. Kg1 Qe3+ 0-1

[Event "Superettan(Orgryte-Upsala)"]
[Site "?"]
[Date "2016.10.14"]
[Round "1"]
[White "Blazekovic, Nina"]
[Black "Svensson, Mans"]
[Result "1/2-1/2"]
[WhiteElo "1907"]
[BlackElo "2165"]
[PlyCount "70"]
1. e4 c5 2. Nf3 Nc6 3. d4 cxd4 4. Nxd4 Nf6 5. Nc3 d6 6. Be3 Ng4 7. Nxc6 bxc6 8.
Bc1 Qb6 9. Qf3 g6 10. Be2 Bg7 11. O-O O-O 12. h3 Ne5 13. Qe3 Be6 14. b3 Nd7 15.
Qg3 Nc5 16. Bf4 Qb4 17. e5 d5 18. h4 Bf5 19. a3 Qb7 20. Rac1 Ne6 21. Bd2 Qc7
22. f4 f6 23. exf6 exf6 24. Qf2 h5 25. Bd3 Bxd3 26. cxd3 Qb6 27. Ne2 Rfc8 28.
b4 Qxf2+ 29. Kxf2 f5 30. Rc2 Rc7 31. Rfc1 Rac8 32. Be3 Kf7 33. Bd2 Ke7 34. Bc3
Bxc3 35. Rxc3 c5 1/2-1/2

[Event "Superettan(Rockaden,Sthlm II-Sthlms SS)"]
[Site "?"]
[Date "2016.10.14"]
[Round "1"]
[White "Dadabaev, Zhanybek"]
[Black "Wiander, Michael"]
[Result "1/2-1/2"]
[WhiteElo "1987"]
[BlackElo "2247"]
[PlyCount "166"]
1. Nf3 e6 2. d4 f5 3. c4 Nf6 4. Nc3 Bb4 5. Qb3 Bxc3+ 6. Qxc3 O-O 7. b3 d6 8.
Bb2 a5 9. e3 Qe8 10. a3 Bd7 11. Be2 Qg6 12. Nh4 Qh6 13. g3 Ne4 14. Qd3 Bc6 15.
d5 Nc5 16. Qd1 Bd7 17. dxe6 Nxe6 18. Bf3 Nc6 19. Bd5 Ne7 20. Bxb7 Rab8 21. Bf3
Nc5 22. Ng2 Nxb3 23. Rb1 Nc5 24. O-O Ba4 25. Qd2 Ne4 26. Bxe4 fxe4 27. Nf4 Bb3
28. Qc3 a4 29. Rbc1 Ng6 30. Qd4 Nxf4 31. exf4 Qf6 32. Qd5+ Qf7 33. Qxe4 Bxc4
34. Qxc4 Qxc4 35. Rxc4 Rxb2 36. Rxc7 Rf7 37. Rc4 Ra7 38. Rd4 Ra2 39. Rfd1 Rxa3
40. Rxd6 h6 41. Rd8+ Kf7 42. R8d7+ Rxd7 43. Rxd7+ Kf6 44. Kg2 Ra1 45. Ra7 a3
46. Ra6+ Ke7 47. h4 a2 48. g4 Kf7 49. f5 Ke7 50. f4 h5 51. g5 Kf7 52. Ra7+ Kg8
53. g6 Kf8 54. Ra6 Ke7 55. f6+ gxf6 56. Ra8 Rb1 57. Rxa2 f5 58. g7 Rb8 59. Kf3
Kf6 60. Ra7 Re8 61. Rb7 Kg6 62. Re7 Rd8 63. Ke3 Kh7 64. Rc7 Rd5 65. Re7 Rd6 66.
Re5 Rf6 67. Re7 Rd6 68. Ra7 Rd8 69. Ra5 Kg6 70. Rd5 Re8+ 71. Kd4 Re4+ 72. Kd3
Re8 73. Rd7 Kh7 74. Rf7 Rd8+ 75. Kc4 Rd1 76. Rxf5 Kxg7 77. Rxh5 Rf1 78. Rg5+
Kf6 79. Rg4 Kf5 80. Rg5+ Kxf4 81. Rg8 Rh1 82. Rf8+ Kg4 83. Rg8+ Kf4 1/2-1/2

[Event "Superettan(Schack 08-Burgsvik)"]
[Site "?"]
[Date "2016.10.14"]
[Round "1"]
[White "Drugge, Patrick"]
[Black "Larsson, Victor"]
[Result "1-0"]
[WhiteElo "2201"]
[BlackElo "2188"]
[PlyCount "91"]
1. e4 c5 2. Nc3 Nc6 3. g3 g6 4. Bg2 Bg7 5. d3 d6 6. f4 e6 7. Nf3 Nge7 8. O-O
O-O 9. Be3 b6 10. d4 Ba6 11. Re1 Qc7 12. a4 Rad8 13. Nb5 Qd7 14. c3 Na5 15.
dxc5 dxc5 16. Bf1 Bb7 17. Nd2 a6 18. Na3 Qc7 19. Qc2 e5 20. Rad1 Bh6 21. b4
exf4 22. gxf4 Nac6 23. b5 Nb8 24. bxa6 Nxa6 25. Nb5 Qc8 26. f5 Bxe3+ 27. Rxe3
Qc6 28. Rg3 Qf6 29. Bg2 Nc6 30. Nc4 Rxd1+ 31. Qxd1 Ne5 32. Qd6 Qxd6 33. Nbxd6
Rd8 34. Nxb7 Rd1+ 35. Bf1 Nxc4 36. Kg2 Rxf1 37. Kxf1 Nd2+ 38. Ke2 Nxe4 39. Rf3
gxf5 40. Kd3 c4+ 41. Kd4 Nc7 42. Rxf5 Nd2 43. Rf2 Ne6+ 44. Kd5 Nb1 45. Kxc4 Nc7
46. Rb2 1-0

[Event "Superettan(Horndal-Kamraterna)"]
[Site "?"]
[Date "2016.10.14"]
[Round "1"]
[White "Svenn, Gosta"]
[Black "Angskog, Kent"]
[Result "1/2-1/2"]
[WhiteElo "2317"]
[BlackElo "2189"]
[PlyCount "50"]
1. d4 d6 2. c4 g6 3. e4 Bg7 4. Nc3 e5 5. Be3 Nc6 6. d5 Nce7 7. Qd2 f5 8. f3 Nf6
9. Bd3 O-O 10. Nge2 c6 11. O-O-O cxd5 12. cxd5 fxe4 13. Nxe4 Nf5 14. Bg5 Nxe4
15. fxe4 Qxg5 16. Qxg5 Bh6 17. h4 Bxg5+ 18. hxg5 Ne3 19. Rdg1 Bd7 20. Kd2 Ng4
21. Rh4 Kg7 22. Rgh1 Rh8 23. Rc1 Rac8 24. Rxc8 Rxc8 25. Rh1 h6 1/2-1/2

[Event "Superettan(Vasteras-Vaxjo)"]
[Site "?"]
[Date "2016.10.14"]
[Round "1"]
[White "Solodovnichenko, Yuri"]
[Black "Akesson, Ralf"]
[Result "1-0"]
[WhiteElo "2567"]
[BlackElo "2419"]
[PlyCount "83"]
1. e4 c6 2. d4 d5 3. Nc3 dxe4 4. Nxe4 Nd7 5. Ng5 Ngf6 6. Bd3 e6 7. N1f3 Bd6 8.
Qe2 h6 9. Ne4 Nxe4 10. Qxe4 Nf6 11. Qe2 b6 12. Bd2 Bb7 13. Ne5 Qc7 14. f4 c5
15. dxc5 Qxc5 16. O-O-O Qc7 17. Bb5+ Kf8 18. Bd3 Rc8 19. Kb1 b5 20. Rhf1 Bd5
21. Bc3 Qb6 22. Be1 Qb7 23. g4 Kg8 24. h4 Be4 25. Bxe4 Qxe4 26. Qxe4 Nxe4 27.
Rd4 Bxe5 28. fxe5 Nc5 29. c4 a6 30. Bb4 Kh7 31. cxb5 axb5 32. Rxf7 Kg6 33. Rf1
Na4 34. h5+ Kh7 35. Rf7 Nb6 36. Rb7 Rc6 37. Rd6 Rc4 38. Rxe6 Nd5 39. Bd2 Rf8
40. a3 b4 41. Rxh6+ Kg8 42. Rg6 1-0

[Event "Superettan(Horndal-Kamraterna)"]
[Site "?"]
[Date "2016.10.14"]
[Round "1"]
[White "Olsson, Krister"]
[Black "Svensson, Bengt"]
[Result "1/2-1/2"]
[WhiteElo "2384"]
[BlackElo "2342"]
[PlyCount "44"]
1. d4 d5 2. c4 c6 3. Nc3 Nf6 4. cxd5 cxd5 5. Bf4 Nc6 6. e3 a6 7. Bd3 Bg4 8.
Nge2 e6 9. O-O Bd6 10. f3 Bh5 11. Rc1 Bg6 12. Bxg6 hxg6 13. Na4 g5 14. Bg3 g4
15. Qb3 gxf3 16. Rxf3 Rb8 17. Qb6 Qxb6 18. Nxb6 Bxg3 19. Nxg3 Rd8 20. Na4 Nd7
21. a3 O-O 22. Nc5 Nxc5 1/2-1/2

[Event "Superettan(Vasteras-Vaxjo)"]
[Site "?"]
[Date "2016.10.14"]
[Round "1"]
[White "Sjodahl, Pontus"]
[Black "Christiansen, Johan-Sebastian"]
[Result "0-1"]
[WhiteElo "2418"]
[BlackElo "2413"]
[PlyCount "70"]
1. d4 Nf6 2. c4 c5 3. d5 b5 4. cxb5 a6 5. e3 g6 6. Nc3 Bg7 7. a4 O-O 8. Bc4 e6
9. Nf3 axb5 10. Bxb5 Na6 11. Ra3 Bb7 12. dxe6 fxe6 13. e4 d5 14. exd5 exd5 15.
O-O Nb4 16. Bg5 h6 17. Bh4 g5 18. Bg3 Nh5 19. Be5 d4 20. Bc4+ Kh7 21. Nb5 Nf4
22. Bc7 Qd7 23. Re1 Ra6 24. Bxf4 Rxf4 25. Ne5 Qf5 26. Nd3 Rg4 27. g3 Rf6 28.
Re5 Qd7 29. Rxc5 Rxg3+ 30. fxg3 Qh3 31. Qe2 Nc2 32. Rc7 Ne3 33. Ra1 Bf3 34. Qd2
Bd5 35. Qxe3 Qg2# 0-1

[Event "Superettan(Horndal-Kamraterna)"]
[Site "?"]
[Date "2016.10.14"]
[Round "1"]
[White "Aberg, Anton"]
[Black "Marcus, Hakan"]
[Result "1-0"]
[WhiteElo "2363"]
[BlackElo "2188"]
[PlyCount "47"]
1. d4 d5 2. Bg5 Qd6 3. c4 dxc4 4. Nc3 c6 5. e4 e6 6. Bxc4 h6 7. Be3 Qb4 8. Qe2
Nf6 9. a3 Qa5 10. Bd2 Qb6 11. Nf3 Be7 12. O-O O-O 13. Bd3 e5 14. dxe5 Ne8 15.
Be3 Qd8 16. Nd4 Nc7 17. Nf5 Kh7 18. Rad1 Bxf5 19. exf5 f6 20. Be4 Qe8 21. e6
Nd5 22. Nxd5 cxd5 23. Rxd5 Nc6 24. Rfd1 1-0

[Event "Superettan(Vasteras-Vaxjo)"]
[Site "?"]
[Date "2016.10.14"]
[Round "1"]
[White "Rydstrom, Tom"]
[Black "Eriksson, Anders"]
[Result "1-0"]
[WhiteElo "2307"]
[BlackElo "2271"]
[PlyCount "61"]
1. e4 c6 2. Nc3 d5 3. Nf3 Bg4 4. h3 Bxf3 5. Qxf3 e6 6. d3 Nf6 7. Bd2 Nbd7 8. g4
Bb4 9. g5 Ng8 10. a3 Ba5 11. b4 Bb6 12. h4 Ne7 13. h5 a5 14. Rb1 axb4 15. axb4
Ra3 16. Bh3 Bd4 17. Ne2 Be5 18. c3 Qa8 19. d4 Bc7 20. Nf4 Ra1 21. O-O Rxb1 22.
Rxb1 g6 23. exd5 cxd5 24. Re1 Qa2 25. Bc1 O-O 26. hxg6 hxg6 27. Be3 Bd6 28. Kg2
Nb6 29. Bg4 Kg7 30. Rh1 Rh8 31. Nxe6+ 1-0

[Event "Superettan(Horndal-Kamraterna)"]
[Site "?"]
[Date "2016.10.14"]
[Round "1"]
[White "Tiger-Norqvist, Axel"]
[Black "Madebrink, Lars"]
[Result "1/2-1/2"]
[WhiteElo "2109"]
[BlackElo "2235"]
[PlyCount "116"]
1. e4 c5 2. Nc3 Nc6 3. f4 e6 4. Nf3 d5 5. Bb5 Nf6 6. e5 Ne4 7. Nxe4 dxe4 8. Ng5
Bd7 9. Nxe4 Nxe5 10. Bxd7+ Nxd7 11. O-O Be7 12. d3 O-O 13. Be3 Rc8 14. Qf3 b6
15. Rad1 Qc7 16. c4 Nf6 17. Nc3 Rfd8 18. b3 Rd7 19. d4 cxd4 20. Nb5 Qc6 21.
Nxd4 Qxf3 22. Nxf3 Kf8 23. Ne5 Rdd8 24. Rfe1 Ke8 25. g3 Bb4 26. Rf1 Bc3 27. Nf3
Ng4 28. Bc1 Bb4 29. Kg2 h5 30. h3 Nh6 31. Nd4 Bc5 32. Nb5 a6 33. Nc3 Nf5 34.
Ne4 Bd4 35. g4 hxg4 36. hxg4 Nh6 37. Kf3 f6 38. Ba3 Nf7 39. Nd6+ Nxd6 40. Rxd4
Nxc4 41. Rxc4 Rxc4 42. bxc4 Rd3+ 43. Ke4 Rxa3 44. Rb1 b5 45. cxb5 axb5 46. Rxb5
Rxa2 47. Rb7 Kf8 48. g5 Ra4+ 49. Kf3 e5 50. fxe5 fxg5 51. e6 Rf4+ 52. Kg3 Rf5
53. Kg4 g6 54. Rf7+ Rxf7 55. exf7 Kxf7 56. Kxg5 Kg7 57. Kg4 Kf6 58. Kf4 g5+
1/2-1/2

[Event "Superettan(Vasteras-Vaxjo)"]
[Site "?"]
[Date "2016.10.14"]
[Round "1"]
[White "Nilsson, Andre"]
[Black "Olofsson-Dolk, Mattis"]
[Result "1-0"]
[WhiteElo "2257"]
[BlackElo "2240"]
[PlyCount "111"]
1. g3 Nf6 2. Bg2 d5 3. d3 g6 4. Nf3 Bg7 5. O-O d4 6. c4 O-O 7. b4 a5 8. Bb2 c5
9. bxc5 Nc6 10. Nbd2 e5 11. Ne1 Re8 12. Ba3 Bf5 13. Rb1 Qd7 14. Ne4 Nxe4 15.
dxe4 Be6 16. Qc2 g5 17. Nd3 h5 18. Rb6 Bf6 19. Rfb1 Rab8 20. Bc1 Kg7 21. Qb3
Nd8 22. Bd2 a4 23. Qc2 h4 24. c6 Nxc6 25. Nc5 Qe7 26. Nxb7 hxg3 27. hxg3 Rec8
28. c5 Qc7 29. Nd6 Rd8 30. Rb7 d3 31. Qd1 dxe2 32. Qe1 Rxd6 33. cxd6 Qxd6 34.
Rxb8 Nxb8 35. Qxe2 Bxa2 36. Bb4 Qe6 37. Bh3 Qc4 38. Qxc4 Bxc4 39. Bd6 Nc6 40.
Rc1 Bb5 41. Bf1 Nd4 42. Bxb5 Nxb5 43. Bc5 Nd4 44. Rc4 Nb3 45. Bd6 Nd2 46. Rxa4
Nf3+ 47. Kf1 g4 48. Ke2 Nd4+ 49. Kd3 Nf3 50. Kc4 Bd8 51. Bc5 Bg5 52. Kd5 Bd2
53. Bd6 Bc3 54. Ra3 Bb2 55. Rxf3 gxf3 56. Bxe5+ 1-0